[Event "Washington Class-ch Masters"]
[Site "Lynnwood"]
[Date "2014.11.30"]
[Round "6"]
[White "Fields, Noah Dennis"]
[Black "Kenney, Jason"]
[Result "1/2-1/2"]
[WhiteElo "1920"]
[BlackElo "2136"]
[PlyCount "88"]
[EventDate "2014.11.28"]
[EventType "swiss"]
[EventRounds "6"]
[EventCountry "USA"]
[SourceTitle "EXT 2017"]
[Source "ChessBase"]
[SourceDate "2016.10.25"]
[SourceVersion "1"]
[SourceVersionDate "2016.10.25"]
[SourceQuality "1"]

1. e4 c6 2. d4 d5 3. Nd2 dxe4 4. Nxe4 Bf5 5. Ng3 Bg6 6. h4 h6 7. Nf3 Nd7 8. h5 Bh7 9. Bd3 Bxd3 10. Qxd3 e6 11. Bd2 Ngf6 12. 0-0-0 Be7 13. c4 0-0 14. Qe2 b5 15. Ne5 bxc4 16. Qxc4 Nb6 17. Ba5 Nxc4 18. Bxd8 Rfxd8 19. Nxc4 Rd5 20. Ne5 c5 21. Nc6 Bf8 22. Kb1 Rd6 23. Na5 cxd4 24. Nb3 Rad8 25. Rh4 d3 26. Ne4 Rd5 27. Nxf6+ gxf6 28. Rh3 e5 29. Re3 f5 30. Nc1 e4 31. f3 d2 32. Nb3 Rd3 33. Rxd3 Rxd3 34. fxe4 fxe4 35. Rxd2 Rg3 36. Re2 f5 37. Nd4 Rg5 38. Kc2 Rxh5 39. Rf2 Rg5 40. Ne6 e3 41. Re2 Rg6 42. Nf4 Rg4 43. Nd5 Ra4 44. Nxe3 Rxa2 1/2-1/2

[Event "Washington Class-ch Masters"]
[Site "Lynnwood"]
[Date "2014.11.29"]
[Round "4"]
[White "Nagase, Masayuki"]
[Black "Kenney, Jason"]
[Result "1/2-1/2"]
[WhiteElo "1839"]
[BlackElo "2136"]
[PlyCount "48"]
[EventDate "2014.11.28"]
[EventType "swiss"]
[EventRounds "6"]
[EventCountry "USA"]
[SourceTitle "EXT 2017"]
[Source "ChessBase"]
[SourceDate "2016.10.25"]
[SourceVersion "1"]
[SourceVersionDate "2016.10.25"]
[SourceQuality "1"]

1. d4 Nf6 2. c4 g6 3. Nc3 Bg7 4. e4 d6 5. f3 0-0 6. Be3 c5 7. Nge2 Nc6 8. Qd2 cxd4 9. Nxd4 Nxd4 10. Bxd4 Be6 11. Be2 a5 12. b3 Nd7 13. Nd5 Bxd5 14. exd5 Bxd4 15. Qxd4 Qb6 16. Qxb6 Nxb6 17. Kf2 Rfc8 18. a4 Nd7 19. Bd3 Nc5 20. Bc2 Re8 21. Rad1 Ra6 22. Rhe1 Rb6 23. Re3 Ra6 24. h4 Raa8 1/2-1/2